Geography seconds - Statistics

General Stats
  • This quiz has been taken 16 times
  • The average score is 8 of 13
Answer Stats
Question Answer % Correct
Biggest country by area Canada
100%
Biggest country by population India
100%
Longest river in Europe Danube
85%
Smallest country by area Monaco
77%
Country alphabetically Albania
69%
Biggest Caribbean island by area Hispaniola
69%
Last country alphabetically Zambia
69%
Longest river in Africa Congo
62%
Smallest country by population Tuvalu
46%
Most populated capital city New Delhi
31%
last capital alphabetically Yerevan
31%
Least populated capital city Yaren
23%
Capital city alphabetically Abuja
15%
No matching quizzes found
Score Distribution
Percent of People with Each Score
Percentile by Number Answered
Your Score History
You have not taken this quiz